000 00831nam a22002777a 4500
003 CHAP
005 20220329140915.0
008 971013s1994 r 00010 d
010 _a59632
011 _a60604
035 _a64766
040 _cCHAP
082 _a633.294
_bK4
100 0 0 _aKemp, David Ronald.
_962989
245 _aPasture management technology for the 21st. century
260 _aMelbourne :
_bCSIRO,
_c1994
300 _a177 p.
_b; gráfs.
590 _aBATCH-UPD
_b10
_c20130110
_lUCH01
_h0543
590 _aCONVERSION
_b10
_c20130109
_lUCH01
_h1332
650 1 4 _aPastizales
_xManejo.
_985944
650 1 4 _aPastos
_xAustralia.
_985995
700 0 _aMichalk, David Leslie.
_975393
901 _aBK
942 _cLIBRO
949 _a633.294 K4
_bBC
_cLIBRO
_d33724000084091
_eLIBRO
_gI.180772
_h90143
_i64766
_si
_t404.00
999 _c59632
_d59632